Riesci a nominare 16 giocatori dell'Inter (2010-2020)? - Difficile - Statistics

Statistiche generali
  • Questo quiz è stato fatto 88 volte
  • Il punteggio medio è 9 su 16
Statistiche sulle risposte
con Immagini Risposta % Corretto
Daniele Padelli
91%
Jonathan
79%
Joel Obi
69%
Dalbert
65%
Zdravko Kuzmanovic
64%
Hugo Campagnaro
60%
Rolando
60%
Marco Andreolli
59%
Alex Telles
57%
Dodo
57%
Yann Karamoh
57%
Alvaro Pereira
44%
Assane Gnoukouri
44%
Davide Faraoni
40%
Gaby Mudingayi
32%
Walter Gargano
21%
Nessun quiz corrispondente trovato
Distribuzione punteggi
Percentuale di utenti per punteggio
Percentile per numero di risposta
I tuoi punteggi nel tempo
Non hai fatto questo quiz